000 00928nam a2200241 i 4500
001 105621
003 ES-MaACL
005 20250809083426.0
007 t|
008 060728s1951 fr ||||1| fre d
080 _a821.134.2-23"15"
100 1 _aVega, Lope de,
_d1562-1635
_9113563
245 1 0 _aComedia del perro del hortelano /
_cLope de Vega ; avec une introduction, des variantes et un commentaire par Eugène Kohler.
250 _aNouvelle ed. critique.
260 _aParis :
_bLes Belles Lettres,
_c1951.
300 _aLXIX, 280 p. ;
_c20 cm.
490 1 _aPublications de la Faculté de Lettres de l'Université de Strasbourg . Textes d'etude ;
_v4
500 _aBiblioteca Juan Andrade.
700 1 _aKohler, Eugene.
_968479
830 0 0 _aPublications de la Faculté des lettres de l'Université de Strasbourg
_v4
_9184104
852 _aES-MaACL
_jAND-444
_bR.109748
999 _c105621
_d105621